00342 2200157 4500245003000000020002200030250001100052100001000063650001600073005001900089260003000108041001400138084000800152300001500160336000900175 aThe SweetestcJackohText a978-602-7695-15-3 aCet. 1 aJacko aNovel Fiksi a20230110072316 aYogyakartabPing!!!c2013 aIndonesia a813 a192 hlm. : atext